000 00804cam a22002657a 4500
001 14099250
005 20180126074930.0
008 050907s2006 wiua b 000 0 eng d
010 _a 2005933510
020 _a0977261107 (softcover)
020 _a9780977261109
035 _a(OCoLC)ocm64223935
040 _aGZF
_cGZF
_dGZF
_dDLC
041 _aeng
042 _alccopycat
080 _a746.46041
082 0 0 _a746.46041 COT
_222
100 1 _a44
101 _aART
245 1 0 _aCotton theory quilting :
_cBetty Cotton.
906 _a7
_bcbc
_ccopycat
_d2
_encip
_f20
_gy-gencatlg
942 _2ddc
_cBK
999 _c41004
_d41004